Reversing the nuclear arms race /

Bibliographic Details
Main Author: Johnston, Carla B.
Format: Book
Language:English
Published: Cambridge, Mass. : Schenkman Books, [1986]
Subjects:

MARC

Tag First Indicator Second Indicator Subfields
LEADER 00000cam a2200000 a 4500
001 in00000011845
005 20151007051715.0
008 860819s1986 maua b 00010 eng
010 |a  86021976  
020 |a 0870470329 :  |c $18.95 
020 |a 0870470337 (pbk.) :  |c $11.25 
035 |a (OCoLC)14188855 
035 |9 AAA4391AM 
040 |a DLC  |c DLC  |d m/c  |d TXA  |d UtOrBLW 
043 |a n-us--- 
049 |a TXAM  |c [A11034394] 
050 0 0 |a U264  |b .J64 1986 
082 0 |a 355/.0217/0973  |2 19 
100 1 |a Johnston, Carla B. 
245 1 0 |a Reversing the nuclear arms race /  |c Carla B. Johnston ; with a foreword by Gene R. La Rocque. 
264 1 |a Cambridge, Mass. :  |b Schenkman Books,  |c [1986] 
264 4 |c ©1986 
300 |a xvi, 194 pages :  |b illustrations ;  |c 23 cm. 
336 |a text  |b txt  |2 rdacontent 
337 |a unmediated  |b n  |2 rdamedia 
338 |a volume  |b nc  |2 rdacarrier 
504 |a Bibliography: pages 193-194. 
650 0 |a Nuclear weapons  |z United States. 
651 0 |a United States  |x Military policy. 
650 0 |a Antinuclear movement  |z United States. 
650 0 |a Arms race  |x History  |y 20th century. 
999 |a MARS 
999 f f |s 3b81a80a-4510-3223-b68f-09be3babdfd0  |i 9e1bbda4-a801-3eae-b57b-ab876ae14fdb  |t 0 
952 f f |p ric  |a Texas A&M University  |b Rellis Campus  |c Joint Library Facility  |d Remote Storage  |t 0  |e U264 .J64 1986  |h Library of Congress classification  |i unmediated -- volume  |m A14811034394 
998 f f |a U264 .J64 1986  |t 0  |l Remote Storage